书目信息 |
| 题名: |
结构转型与产能过剩
|
|
| 作者: | ;产业转型升级课题组 著 | |
| 分册: | ||
| 出版信息: | 北京 人民出版社 2017 |
|
| 页数: | 303页 | |
| 开本: | 24cm | |
| 丛书名: | ||
| 单 册: | ||
| 中图分类: | F121 , F124 | |
| 科图分类: | ||
| 主题词: | 中国经济--zhong guo jing ji--经济结构--转型经济--研究报告 , 生产过剩--sheng chan guo sheng--研究报告--中国 | |
| 电子资源: | ||
| ISBN: | 978-7-01-017030-5 | |
| 000 | 01478nam0 22002891 450 | |
| 001 | 0119171249 | |
| 005 | 20170619171249.0 | |
| 010 | @a978-7-01-017030-5@dCNY62.00 | |
| 100 | @a20170227d2017 em y0chiy50 ea | |
| 101 | 0 | @achi |
| 102 | @aCN@b110000 | |
| 105 | @ay z 000yy | |
| 106 | @ar | |
| 200 | 1 | @a结构转型与产能过剩@9jie gou zhuai xing yu chan neng guo sheng@e理论、经验与政策@f产业转型升级课题组著 |
| 210 | @a北京@c人民出版社@d2017 | |
| 215 | @a303页@d24cm | |
| 300 | @a中国产业转型升级研究报告2016 | |
| 300 | @a中央财经大学经济学院资助 国家社科基金重大招标项目“转型发展新阶段中国经济增长动力研究”、教育部哲学社会科学研究重大课题攻关项目、北京市哲学社会科学规划重大项目阶段性成果 | |
| 330 | @a本书从经济发展和结构转型的宏观视角,对中国各主导产业的发展规律、升级路径和未来方向进行研究。从理论、实证、案例多维度研究了产能过剩产生的原因、机制和影响,分析了结构转型、政策性负担、产能过剩与僵尸企业之间的理论逻辑,总结了日本、韩国以及中国20世纪90年代末期应对产能过剩的经验和教训,强调“一带一路”、“南南合作”的国际新形势和互联网技术革命对产业转型升级和产能过剩的影响。 | |
| 517 | 1 | @a理论、经验与政策@9li lun jing yan yu zheng ce |
| 606 | 0 | @a中国经济@9zhong guo jing ji@x经济结构@x转型经济@x研究报告 |
| 606 | 0 | @a生产过剩@9sheng chan guo sheng@x研究报告@y中国 |
| 690 | @aF121@v5 | |
| 690 | @aF124@v5 | |
| 711 | 02 | @a产业转型升级课题组@9chan ye zhuai xing sheng ji ke ti zu@4著 |
| 801 | 0 | @aCN@b百万庄@c20170616 |
| 905 | @b1011951-6@dF121@e278@f6 | |
| 结构转型与产能过剩:理论、经验与政策/产业转型升级课题组著 .-北京:人民出版社,2017 |
| 303页;24cm |
| 中国产业转型升级研究报告2016.-中央财经大学经济学院资助 国家社科基金重大招标项目“转型发展新阶段中国经济增长动力研究”、教育部哲学社会科学研究重大课题攻关项目、北京市哲学社会科学规划重大项目阶段性成果 |
| ISBN 978-7-01-017030-5:CNY62.00 |
| 本书从经济发展和结构转型的宏观视角,对中国各主导产业的发展规律、升级路径和未来方向进行研究。从理论、实证、案例多维度研究了产能过剩产生的原因、机制和影响,分析了结构转型、政策性负担、产能过剩与僵尸企业之间的理论逻辑,总结了日本、韩国以及中国20世纪90年代末期应对产能过剩的经验和教训,强调“一带一路”、“南南合作”的国际新形势和互联网技术革命对产业转型升级和产能过剩的影响。 |
| ● |
| 相关链接 |
|
|
|
|
正题名:结构转型与产能过剩
索取号:F121/278
 
预约/预借
| 序号 | 登录号 | 条形码 | 馆藏地/架位号 | 状态 | 备注 |
| 1 | 1011951 | 210119511 | 第一样本阅览室/ [索取号:F121/278] | 在馆 | |
| 2 | 1011952 | 210119520 | 教育系资料室/ [索取号:F121/278] | 在馆 | |
| 3 | 1011953 | 210119539 | 教育系资料室/ [索取号:F121/278] | 在馆 | |
| 4 | 1011954 | 210119548 | 教育系资料室/ [索取号:F121/278] | 在馆 | |
| 5 | 1011955 | 210119557 | 第一借阅区/ [索取号:F121/278] | 在馆 | |
| 6 | 1011956 | 210119566 | 第一借阅区/ [索取号:F121/278] | 在馆 |